What will the weather be like today? / (Record no. 5867)

MARC details
000 -LEADER
fixed length control field 01163pam a2200349 a 4500
001 - CONTROL NUMBER
control field 5867
003 - CONTROL NUMBER IDENTIFIER
control field FISKH
005 - DATE AND TIME OF LATEST TRANSACTION
control field 20250127104159.0
008 - FIXED-LENGTH DATA ELEMENTS--GENERAL INFORMATION
fixed length control field 881031s1990 nyua j 000 0 eng
010 ## - LIBRARY OF CONGRESS CONTROL NUMBER
LC control number 88032736
020 ## - INTERNATIONAL STANDARD BOOK NUMBER
International Standard Book Number 068808950X (trade) :
Terms of availability $13.95
020 ## - INTERNATIONAL STANDARD BOOK NUMBER
International Standard Book Number 0688089518 (library)
040 ## - CATALOGING SOURCE
Original cataloging agency DLC
Transcribing agency DLC
Modifying agency DLC
Language of cataloging eng
050 ## - LIBRARY OF CONGRESS CALL NUMBER
Classification number QC981.R64
082 ## - DEWEY DECIMAL CLASSIFICATION NUMBER
Classification number 551.6
100 1# - MAIN ENTRY--PERSONAL NAME
Personal name Rogers, Paul,
Dates associated with a name 1950-
245 10 - TITLE STATEMENT
Title What will the weather be like today? /
Statement of responsibility, etc. Paul Rogers ; pictures by Kazuko.
250 ## - EDITION STATEMENT
Edition statement First Scholastic printing, September 1991
260 ## - PUBLICATION, DISTRIBUTION, ETC.
Place of publication, distribution, etc. New York :
Name of publisher, distributor, etc. Scholastic,
Date of publication, distribution, etc. 1989.
300 ## - PHYSICAL DESCRIPTION
Extent 30 unnumbered pages :
Other physical details color illustrations ;
Dimensions 25 cm
500 ## - GENERAL NOTE
General note "First published in Great Britain in 1989 by Orchard Books"--T.p. verso.
505 ## - FORMATTED CONTENTS NOTE
Formatted contents note J<br/>
520 ## - SUMMARY, ETC.
Summary, etc. Animals and humans discuss, in rhyming verse, the possibilities of the day's weather.
521 8# - TARGET AUDIENCE NOTE
Target audience note 470<br/>
Source Lexile AD <br/>
521 8# - TARGET AUDIENCE NOTE
Target audience note J<br/>
Source Raz-Plus<br/>
650 #0 - SUBJECT ADDED ENTRY--TOPICAL TERM
Topical term or geographic name entry element Weather
General subdivision Juvenile literature.
650 #1 - SUBJECT ADDED ENTRY--TOPICAL TERM
Topical term or geographic name entry element Weather.
700 0# - ADDED ENTRY--PERSONAL NAME
Personal name Kazuko,
Relator term illustrator
906 ## - LOCAL DATA ELEMENT F, LDF (RLIN)
a 7
b cbc
c orignew
d 1
e ocip
f 19
g y-gencatlg
942 ## - ADDED ENTRY ELEMENTS (KOHA)
Source of classification or shelving scheme Dewey Decimal Classification
Koha item type Books
Suppress in OPAC No
Holdings
Withdrawn status Lost status Source of classification or shelving scheme Damaged status Not for loan Collection Home library Current library Shelving location Date acquired Total Checkouts Full call number Barcode Date last seen Date last checked out Price effective from Koha item type
    Dewey Decimal Classification     Juvenile Fiction Footprints International School Library Network Toul Kork Campus Footprints International School Library Network Toul Kork Campus TK Primary Library Room(4th Floor), Bookcase 1&2, Shelves 1-16, Dark Blue Books 01/27/2025 1 ROG 551.6 QC981.R64 FISBK05453 06/04/2025 04/02/2025 01/27/2025 Books